<?xml version="1.0" encoding="UTF-8"?>
<record
    xmlns:xsi="http://www.w3.org/2001/XMLSchema-instance"
    xsi:schemaLocation="http://www.loc.gov/MARC21/slim http://www.loc.gov/standards/marcxml/schema/MARC21slim.xsd"
    xmlns="http://www.loc.gov/MARC21/slim">

  <leader>01477cam a2200289 a 4500</leader>
  <controlfield tag="001">000019413</controlfield>
  <controlfield tag="005">20200929170018.0</controlfield>
  <controlfield tag="008">840419s1960    sp            001 e spa d</controlfield>
  <datafield tag="040" ind1=" " ind2=" ">
    <subfield code="a">DO-SdBNP</subfield>
    <subfield code="c">CarP</subfield>
    <subfield code="d">DLC</subfield>
  </datafield>
  <datafield tag="082" ind1=" " ind2=" ">
    <subfield code="a">Pe864.3</subfield>
    <subfield code="b">S462t</subfield>
  </datafield>
  <datafield tag="245" ind1="0" ind2="0">
    <subfield code="a">Seis temas peruanos :</subfield>
    <subfield code="b">conferencias pronunciadas en la Embajada del Per&#xFA; en Espa&#xF1;a /</subfield>
    <subfield code="c">Ram&#xF3;n Men&#xE9;ndez Pidal...[et. al.] ; introducci&#xF3;n de Manuel Cisneros.</subfield>
  </datafield>
  <datafield tag="260" ind1=" " ind2=" ">
    <subfield code="a">Madrid :</subfield>
    <subfield code="b">Espasa-Calpe,</subfield>
    <subfield code="c">1960.</subfield>
  </datafield>
  <datafield tag="300" ind1=" " ind2=" ">
    <subfield code="a">147 p. ;</subfield>
    <subfield code="c">18 cm.</subfield>
  </datafield>
  <datafield tag="490" ind1="1" ind2=" ">
    <subfield code="a">Austral. Verde: ensayos y filosof&#xED;a</subfield>
    <subfield code="v">1297</subfield>
  </datafield>
  <datafield tag="500" ind1=" " ind2=" ">
    <subfield code="a">Incluye &#xED;ndice de autores.</subfield>
  </datafield>
  <datafield tag="505" ind1="0" ind2=" ">
    <subfield code="t">Introducci&#xF3;n /</subfield>
    <subfield code="r">Manuel Cisneros --</subfield>
    <subfield code="t">La moral en la conquista del Per&#xFA; y el Inca Garcilaso de la Vega /</subfield>
    <subfield code="r">Ram&#xF3;n M&#xE9;ndez Pidal --</subfield>
    <subfield code="t">Evocaci&#xF3;n del Cuzco y Macchu Pichu /</subfield>
    <subfield code="r">Victorio Macho --</subfield>
    <subfield code="t">El Cuzco, la ciudad dos veces imperial /</subfield>
    <subfield code="r">Marqu&#xE9;s de Lozoya --</subfield>
    <subfield code="t">El Inca Garcilaso de la Vega, fruta nueva del Per&#xFA;</subfield>
    <subfield code="r">Jos&#xE9; Mar&#xED;a Pem&#xE1;n --</subfield>
    <subfield code="t">Vida y andanzas de Don Pablo de Olavide /</subfield>
    <subfield code="r">Gregorio Mara&#xF1;&#xF3;n --</subfield>
    <subfield code="t">Lima o la gracia y la musa /</subfield>
    <subfield code="r">Eugenio Montes --</subfield>
  </datafield>
  <datafield tag="650" ind1=" " ind2="4">
    <subfield code="a">Ensayos peruanos</subfield>
    <subfield code="9">20754</subfield>
  </datafield>
  <datafield tag="650" ind1=" " ind2="4">
    <subfield code="a">Literatura peruana</subfield>
    <subfield code="9">3140</subfield>
  </datafield>
  <datafield tag="650" ind1=" " ind2="4">
    <subfield code="a">Indigenas de per&#xFA;</subfield>
    <subfield code="x">Historia</subfield>
    <subfield code="9">41673</subfield>
  </datafield>
  <datafield tag="651" ind1=" " ind2="4">
    <subfield code="a">Per&#xFA;</subfield>
    <subfield code="x">Historia</subfield>
    <subfield code="9">18494</subfield>
  </datafield>
  <datafield tag="700" ind1="1" ind2=" ">
    <subfield code="a">Men&#xE9;ndez Pidal, Ram&#xF3;n,</subfield>
    <subfield code="d">1869-1968</subfield>
    <subfield code="9">3902</subfield>
  </datafield>
  <datafield tag="700" ind1="1" ind2=" ">
    <subfield code="a">Cisneros, Manuel,</subfield>
    <subfield code="e">introd.</subfield>
    <subfield code="9">41674</subfield>
  </datafield>
  <datafield tag="830" ind1=" " ind2="0">
    <subfield code="a">Austral.</subfield>
    <subfield code="p">Verde : ensayo y filosof&#xED;a;</subfield>
    <subfield code="v">1297</subfield>
    <subfield code="9">41675</subfield>
  </datafield>
  <datafield tag="910" ind1=" " ind2=" ">
    <subfield code="a">Catalogaci&#xF3;n derivada / LC</subfield>
  </datafield>
  <datafield tag="910" ind1=" " ind2=" ">
    <subfield code="a">WM</subfield>
  </datafield>
  <datafield tag="049" ind1=" " ind2=" ">
    <subfield code="a">BNGR</subfield>
  </datafield>
  <datafield tag="952" ind1=" " ind2=" ">
    <subfield code="0">0</subfield>
    <subfield code="1">0</subfield>
    <subfield code="5">4</subfield>
    <subfield code="7">0</subfield>
    <subfield code="8">MO</subfield>
    <subfield code="a">GR</subfield>
    <subfield code="b">GR</subfield>
    <subfield code="c">HD</subfield>
    <subfield code="d">2010-06-28</subfield>
    <subfield code="i">LF1</subfield>
    <subfield code="l">0</subfield>
    <subfield code="o">Pe864.3 S462t</subfield>
    <subfield code="p">19413-10</subfield>
    <subfield code="r">2020-06-25</subfield>
    <subfield code="w">2020-06-25</subfield>
    <subfield code="y">4</subfield>
    <subfield code="Z">Pr&#xE9;stamo en sala</subfield>
  </datafield>
  <datafield tag="999" ind1=" " ind2=" ">
    <subfield code="c">18929</subfield>
    <subfield code="d">18929</subfield>
  </datafield>
</record>
